• 首页
  • 本馆介绍
  • 公告通知
  • 最新文献
  • 馆藏检索
  • 电子资源
  • 读者导购
  • 参考咨询
  • 我的图书馆
  • 登录
  • 详细信息显示
  • 放入我的书架
  • 预约/预借图书
  • 作者相关作品
  • 分类相关作品
  • 丛书相关作品
  • 出版社相关作品

书目信息

  • 表格格式
  • 工作单格式
  • 卡片格式
书名: World politics
作者: Helen E.Purkit,editor.
分册号:
分册名:
出版地: Boulder, CO :
 
出版社: CourseWise Pub
出版时间: 1998.
页数: 223 p. ;
开本: 26cm.
丛书名: Perspectives
中图分类号:
科图分类号:
其他分类号: D5
主题词:
电子资源:
000 00577nam a22002175a 450
001 E0763360044
005 20070707145432.03
008 980428s1998 cou 000 0 eng
010    @a98070442
020    @a0-07-250660-1.
035    @A(DLC) 98070442
040    @aDLC@cDLC
050 00 @a98-- BOOK NOT IN LC
090    @aD5
099    @dD5@ex31:(02/03)
245 00 @aWorld politics / @cHelen E.Purkit,editor.
260    @aBoulder, CO :@bCourseWise Pub.,@c1998.
260    @aBerkeley :@bBerkeley.
300    @a223 p. ;@c26cm.
440  0 @aPerspectives
700    @aE.Purkit Helen, editor.
    
    World politics / / Helen E.Purkit,editor.-Boulder, CO : : CourseWise Pub., , 1998.-Berkeley : : Berkeley.
    223 p. ; ; 26cm.- (Perspectives )
    
    
    ISBN 0-07-250660-1.
    
●
相关链接 在E读中查询图书 在五车中查询图书 在当当中查询图书 在豆瓣中查询图书


正题名:World politics     索取号:D5/x31:(02/03)         预约/预借

序号 登录号 条形码 馆藏地/架位号 状态 备注
1 0010969   300109692   第二样本阅览室/ [索取号:D5/x31:(02/03)] 在馆    
2 0010970   300109709   第四借阅区/ [索取号:D5/x31:(02/03)] 在馆    
3 0010971   300109718   第四借阅区/ [索取号:D5/x31:(02/03)] 在馆    
4 0010972   300109727   第四借阅区/ [索取号:D5/x31:(02/03)] 在馆    
唐山师范学院图书馆 欢迎您!
大连网信软件有限公司© 版权所有